000 00703nam a2200241Ia 4500
003 OSt
005 20221005133608.0
006 a|||||r|||| 00| 0
007 ta
008 221004b |||||||| |||| 00| 0 san d
024 _a113828
037 _cTextual
040 _aCRL
_cCRL
_bsan
041 _2san
_asan
082 _aP15:3, K5
100 _aमिश्र, राजदेव
245 0 _aभामिनी विलास
_b अन्योक्तयुल्लास
246 _aBhāminī vilāsa: anyoktayullāsa
260 _c1965
300 _a112पृ0
_ccm.
942 _hP15:3, K5
_cTEXL
_2cc
999 _c1067308
_d1067308